[Event "COL-ch sf (Women)"]
[Site "Pereira"]
[Date "2024.03.29"]
[Round "5"]
[White "Agudelo Zapata, Yarli Alejandra"]
[Black "Espinel Forero, Aura Maria"]
[Result "1/2-1/2"]
[WhiteElo "1773"]
[BlackElo "1719"]
[PlyCount "40"]
[EventDate "2024.03.27"]
[EventType "swiss"]
[EventRounds "9"]
[EventCountry "COL"]
[SourceTitle "CB14_2024"]
[SourceDate "2024.04.01"]
[SourceVersion "1"]
[SourceVersionDate "2024.04.01"]
[SourceQuality "1"]

1. d4 Nf6 2. c4 e6 3. Nf3 d5 4. g3 c5 5. Nc3 Nc6 6. Bg2 Be7 7. 0-0 0-0 8. cxd5 Nxd5 9. Nxd5 exd5 10. Be3 b6 11. Rc1 c4 12. Nd2 Bb7 13. Nb1 Bf6 14. Nc3 Ne7 15. Qc2 Rc8 16. Rcd1 Qd7 17. f3 Qf5 18. Qxf5 Nxf5 19. Bf2 Rcd8 20. Bh3 Nd6 1/2-1/2

[Event "COL-ch sf (Women)"]
[Site "Pereira"]
[Date "2024.03.29"]
[Round "4"]
[White "Mogollon Tobar, Nicolle Juliet"]
[Black "Agudelo Zapata, Yarli Alejandra"]
[Result "1-0"]
[WhiteElo "1956"]
[BlackElo "1773"]
[PlyCount "53"]
[EventDate "2024.03.27"]
[EventType "swiss"]
[EventRounds "9"]
[EventCountry "COL"]
[SourceTitle "CB14_2024"]
[SourceDate "2024.04.01"]
[SourceVersion "1"]
[SourceVersionDate "2024.04.01"]
[SourceQuality "1"]

1. e4 c5 2. Nf3 d6 3. d4 cxd4 4. Nxd4 Nf6 5. Nc3 a6 6. f3 e5 7. Nb3 Be7 8. Be3 Be6 9. Qd2 0-0 10. 0-0-0 Nbd7 11. g4 b5 12. g5 b4 13. Ne2 Ne8 14. f4 Bxb3 15. cxb3 Qa5 16. Kb1 Nc5 17. Ng3 Ne6 18. f5 Nd4 19. Bxd4 exd4 20. Bc4 Kh8 21. f6 gxf6 22. Bd5 Ra7 23. Nf5 Qb6 24. Nxe7 Rxe7 25. gxf6 Nxf6 26. Qh6 Nd7 27. Rhg1 1-0

[Event "Pereira GP op 2nd"]
[Site "Pereira"]
[Date "2023.10.22"]
[Round "5"]
[White "Agudelo Zapata, Yarli Alejandra"]
[Black "Agudelo Gonzalez, Horacio"]
[Result "1-0"]
[WhiteElo "1500"]
[BlackElo "1566"]
[PlyCount "61"]
[EventDate "2023.10.21"]
[EventType "swiss"]
[EventRounds "6"]
[EventCountry "COL"]
[SourceTitle "Mega2024 Update 01"]
[Source "Chessbase"]
[SourceDate "2023.11.12"]
[SourceVersion "1"]
[SourceVersionDate "2023.11.12"]
[SourceQuality "1"]

1. d4 d5 2. Nf3 Bf5 3. c4 e6 4. Nc3 Nf6 5. g3 c5 6. Bg2 Nc6 7. cxd5 exd5 8. 0-0 h6 9. Bf4 Be4 10. dxc5 Bxc5 11. Nxe4 dxe4 12. Ne5 Qxd1 13. Raxd1 Nd4 14. Rd2 Ne6 15. Rc1 0-0 16. Nd7 Nxd7 17. Rxd7 Nxf4 18. gxf4 Rac8 19. e3 f5 20. Rxb7 Bb6 21. Rd1 Rfd8 22. Rxd8+ Rxd8 23. Bf1 Rd2 24. Bc4+ Kh7 25. b4 Rb2 26. Bb3 Rb1+ 27. Kg2 Rb2 28. Kg3 Kg6 29. h4 Kf6 30. h5 Rxb3 31. axb3 1-0

[Event "Pereira op"]
[Site "Pereira"]
[Date "2023.09.24"]
[Round "5"]
[White "Chica Londono, Daniel"]
[Black "Agudelo Zapata, Yarli Alejandra"]
[Result "0-1"]
[WhiteElo "1358"]
[BlackElo "1492"]
[PlyCount "60"]
[EventDate "2023.09.23"]
[EventType "swiss"]
[EventRounds "6"]
[EventCountry "COL"]
[SourceTitle "EXT 2024"]
[Source "ChessBase"]
[SourceDate "2023.10.10"]
[SourceVersion "1"]
[SourceVersionDate "2023.10.10"]
[SourceQuality "1"]

1. Nf3 c5 2. Nc3 Nf6 3. e4 d6 4. Bb5+ Bd7 5. Qe2 e6 6. 0-0 Nc6 7. d3 Be7 8. Re1 a6 9. Bxc6 Bxc6 10. Bg5 Nd7 11. Bf4 e5 12. Be3 b5 13. Qd2 0-0 14. b3 f5 15. Bg5 b4 16. Nd1 f4 17. Bxe7 Qxe7 18. Qe2 Qf6 19. h4 Nb6 20. c4 Bd7 21. a3 a5 22. a4 Bg4 23. Nb2 Bxf3 24. Qxf3 Qxh4 25. Qh3 Qxh3 26. gxh3 Nc8 27. Kh2 Ne7 28. Rg1 Nc6 29. Rab1 Nd4 30. Nd1 Nf3+ 0-1

[Event "Medellin Flores op 30th"]
[Site "Medellin"]
[Date "2023.08.05"]
[Round "4"]
[White "Lopez, Ricardo Andres"]
[Black "Agudelo Zapata, Yarli Alejandra"]
[Result "1-0"]
[WhiteElo "1775"]
[BlackElo "1341"]
[PlyCount "65"]
[EventDate "2023.08.03"]
[EventType "swiss"]
[EventRounds "9"]
[EventCountry "COL"]
[SourceTitle "EXT 2024"]
[Source "ChessBase"]
[SourceDate "2023.10.10"]
[SourceVersion "1"]
[SourceVersionDate "2023.10.10"]
[SourceQuality "1"]

1. e4 c5 2. d4 cxd4 3. c3 d3 4. Bxd3 Nc6 5. Nf3 d6 6. c4 g6 7. 0-0 Bg7 8. Nc3 Bg4 9. Be2 Nf6 10. h3 Bxf3 11. Bxf3 Ne5 12. Be2 0-0 13. Be3 Rc8 14. Qb3 b6 15. Rac1 Ned7 16. Rfd1 Nc5 17. Qc2 Qc7 18. b4 Ncd7 19. Qb3 a6 20. f3 Qb7 21. Rc2 Rc7 22. Rdc1 Rfc8 23. a4 Ne5 24. Nd5 Nxd5 25. cxd5 Rxc2 26. Rxc2 Rxc2 27. Qxc2 Nd7 28. Qc6 Qa7 29. Qc8+ Bf8 30. Bxa6 Kg7 31. Qb7 Qxb7 32. Bxb7 e6 33. Bc6 1-0

[Event "Medellin Flores op 30th"]
[Site "Medellin"]
[Date "2023.08.04"]
[Round "3"]
[White "Agudelo Zapata, Yarli Alejandra"]
[Black "Chen Austin, Felipe Gabriel"]
[Result "1/2-1/2"]
[WhiteElo "1341"]
[BlackElo "1825"]
[PlyCount "40"]
[EventDate "2023.08.03"]
[EventType "swiss"]
[EventRounds "9"]
[EventCountry "COL"]
[SourceTitle "EXT 2024"]
[Source "ChessBase"]
[SourceDate "2023.10.10"]
[SourceVersion "1"]
[SourceVersionDate "2023.10.10"]
[SourceQuality "1"]

1. d4 Nf6 2. c4 g6 3. Nc3 Bg7 4. e4 d6 5. Nf3 0-0 6. Be2 Bg4 7. 0-0 c6 8. d5 Bxf3 9. Bxf3 c5 10. a3 Nbd7 11. Bf4 h6 12. Re1 Ne8 13. Bg4 Ne5 14. Bxe5 Bxe5 15. Qd2 Bg7 16. Ne2 Nf6 17. Bf3 Nd7 18. Nf4 Ne5 19. Be2 a6 20. Rac1 Rb8 1/2-1/2

[Event "COL-ch U18 Girls"]
[Site "Bogota"]
[Date "2023.05.13"]
[Round "5"]
[White "Agudelo Zapata, Yarli Alejandra"]
[Black "Largo Chaparro, Sofia Alejandra"]
[Result "1/2-1/2"]
[WhiteElo "1453"]
[BlackElo "1345"]
[PlyCount "60"]
[EventDate "2023.05.11"]
[EventType "swiss"]
[EventRounds "7"]
[EventCountry "COL"]
[SourceTitle "CBM 214 Extra"]
[Source "ChessBase"]
[SourceDate "2023.07.31"]
[SourceVersion "1"]
[SourceVersionDate "2023.07.31"]
[SourceQuality "1"]

1. e4 e6 2. d4 d5 3. exd5 exd5 4. Nf3 Bd6 5. Bd3 Nc6 6. 0-0 Bg4 7. c3 Qd7 8. a4 a5 9. Bb5 Nge7 10. c4 Qf5 11. c5 Bf4 12. Bxf4 Qxf4 13. Qd2 Qf6 14. Ne5 Be6 15. Nc3 0-0 16. Bxc6 Nxc6 17. Nxc6 bxc6 18. Na2 Qg6 19. Kh1 Bd7 20. Nc1 Rfb8 21. Nd3 Rb3 22. Ne5 Qf5 23. Ra3 Rxa3 24. bxa3 f6 25. Nxd7 Qxd7 26. Rb1 Qe7 27. Re1 Qd7 28. h3 Kf7 29. Kh2 Qf5 30. Qe3 Qd7 1/2-1/2

[Event "COL-chT"]
[Site "Santa Marta"]
[Date "2022.11.04"]
[Round "5.4"]
[White "Benavides, Christian Camilo"]
[Black "Agudelo Zapata, Yarli Alejandra"]
[Result "1/2-1/2"]
[WhiteElo "1861"]
[BlackElo "1475"]
[PlyCount "113"]
[EventDate "2022.11.02"]
[EventType "team-swiss"]
[EventRounds "7"]
[EventCountry "COL"]
[SourceTitle "CBM 211 Extra"]
[Source "ChessBase"]
[SourceDate "2023.01.31"]
[SourceVersion "1"]
[SourceVersionDate "2023.01.31"]
[SourceQuality "1"]
[WhiteTeam "Narino II"]
[BlackTeam "Quindio"]
[WhiteTeamCountry "COL"]
[BlackTeamCountry "COL"]

1. e4 c5 2. Nf3 d6 3. d4 cxd4 4. Qxd4 Nc6 5. Bb5 Bd7 6. Bxc6 Bxc6 7. Nc3 Nf6 8. Bg5 Nd7 9. Rd1 Qb6 10. 0-0 Qxd4 11. Nxd4 g6 12. Ndb5 Bxb5 13. Nxb5 Rc8 14. c3 a6 15. Nd4 Bg7 16. f4 h6 17. Bh4 Bf6 18. Bxf6 Nxf6 19. e5 dxe5 20. fxe5 Nd5 21. Rd3 e6 22. Nb3 Ke7 23. Nd2 g5 24. g3 Rhf8 25. c4 Nb6 26. Rb3 Rc6 27. c5 Nd7 28. Rxb7 Rxc5 29. Ra7 Rxe5 30. Nc4 Rd5 31. Rxa6 Rc8 32. b3 Rd3 33. Ra7 Ke8 34. Kf2 Ke7 35. Ke2 Rd5 36. a4 g4 37. a5 Ke8 38. Rc1 Kf8 39. Ne3 Rxc1 40. Nxd5 Nc5 41. Ne3 Nxb3 42. Nxg4 Ra1 43. Nxh6 Nxa5 44. Rxf7+ Ke8 45. h4 Ra2+ 46. Kf3 Nc4 47. Rc7 Ra3+ 48. Kf4 e5+ 49. Kf5 Nd2 50. g4 Nf3 51. h5 Ra4 52. g5 Rf4+ 53. Ke6 Nxg5+ 54. Kd6 Rf6+ 55. Kxe5 Rxh6 56. Kf5 Ne6 57. Ra7 1/2-1/2

[Event "COL-chT"]
[Site "Santa Marta"]
[Date "2022.11.03"]
[Round "2.4"]
[White "Agudelo Zapata, Yarli Alejandra"]
[Black "Guayara Diaz, William Alonso"]
[Result "1-0"]
[WhiteElo "1475"]
[BlackElo "1921"]
[PlyCount "73"]
[EventDate "2022.11.02"]
[EventType "team-swiss"]
[EventRounds "7"]
[EventCountry "COL"]
[SourceTitle "CBM 211 Extra"]
[Source "ChessBase"]
[SourceDate "2023.01.31"]
[SourceVersion "1"]
[SourceVersionDate "2023.01.31"]
[SourceQuality "1"]
[WhiteTeam "Quindio"]
[BlackTeam "Narino"]
[WhiteTeamCountry "COL"]
[BlackTeamCountry "COL"]

1. d4 Nf6 2. Nf3 e6 3. g3 b6 4. Bg2 Bb7 5. 0-0 Be7 6. c4 0-0 7. Nc3 Ne4 8. Bf4 d6 9. Qc2 f5 10. Rad1 Nd7 11. Be3 Nxc3 12. Qxc3 Bf6 13. Qc2 Be4 14. Qc1 Qe7 15. d5 e5 16. Bg5 Bxf3 17. Bxf6 Rxf6 18. Bxf3 a5 19. a3 a4 20. e3 Nc5 21. Qc2 Qf7 22. Bg2 h5 23. Rfe1 h4 24. Qe2 Rf8 25. f3 hxg3 26. hxg3 Qg6 27. Kf2 e4 28. f4 R6f7 29. Rh1 Nd3+ 30. Rxd3 exd3 31. Qxd3 Re7 32. Bf3 Qf6 33. Qc2 Rfe8 34. Rh5 g6 35. Rg5 Kf7 36. Bh5 Rg8 37. Rxf5 1-0

[Event "Pan American-ch U16 Girls"]
[Site "Montevideo"]
[Date "2022.06.26"]
[Round "1"]
[White "Agudelo Zapata, Yarli Alejandra"]
[Black "Bravo Mallco, Kate Azumi"]
[Result "0-1"]
[WhiteElo "1468"]
[BlackElo "1984"]
[PlyCount "116"]
[EventDate "2022.06.26"]
[EventType "swiss"]
[EventRounds "9"]
[EventCountry "URU"]
[SourceTitle "EXT 2023"]
[Source "ChessBase"]
[SourceDate "2022.10.05"]
[SourceVersion "1"]
[SourceVersionDate "2022.10.05"]
[SourceQuality "1"]

1. d4 Nf6 2. Nf3 g6 3. g3 Bg7 4. Bg2 0-0 5. 0-0 d5 6. c4 c6 7. Qb3 dxc4 8. Qxc4 Be6 9. Qa4 Bf5 10. Qb3 Qb6 11. Nc3 Na6 12. Qxb6 axb6 13. a3 Rfd8 14. h3 b5 15. Be3 Ne4 16. g4 Nxc3 17. bxc3 Be4 18. Rfc1 Nc7 19. Ne5 Bxg2 20. Kxg2 Nd5 21. Nd3 Nb6 22. Nb2 Na4 23. Nxa4 Rxa4 24. Rab1 Rxa3 25. c4 bxc4 26. Rxc4 Rd7 27. Rcb4 b5 28. Rc1 Ra6 29. Rxb5 Bxd4 30. Rb8+ Kg7 31. Rd1 c5 32. Bf4 Rda7 33. e3 Bc3 34. Rc1 Bb4 35. Be5+ f6 36. Bb2 Ra8 37. Rb7 R6a7 38. Rb6 Kf7 39. Kf3 Ra2 40. Bc3 R2a6 41. Rb5 Ra5 42. Rb7 Bxc3 43. Rxc3 Rc8 44. Ke4 c4 45. Rb4 Rac5 46. f4 f5+ 47. gxf5 Rxf5 48. Kd4 Rh5 49. e4 Rh4 50. Ke5 Rc5+ 51. Kd4 Rc6 52. Rf3 c3 53. Rb1 c2 54. Rc1 Rh5 55. e5 Ke6 56. Ke4 Rh4 57. Kd3 Kf5 58. Ke3 Rc3+ 0-1

[Event "COL-ch U16 Girls"]
[Site "Villavicencio"]
[Date "2022.05.14"]
[Round "7"]
[White "Medina Baquiro, Paula Andrea"]
[Black "Agudelo Zapata, Yarli Alejandra"]
[Result "1/2-1/2"]
[WhiteElo "1225"]
[BlackElo "1327"]
[PlyCount "52"]
[EventDate "2022.05.11"]
[EventType "swiss"]
[EventRounds "9"]
[EventCountry "COL"]
[SourceTitle "CBM 208 Extra"]
[Source "ChessBase"]
[SourceDate "2022.07.31"]
[SourceVersion "1"]
[SourceVersionDate "2022.07.31"]
[SourceQuality "1"]

1. e4 c6 2. d4 d5 3. Nc3 dxe4 4. Nxe4 Nf6 5. Nxf6+ exf6 6. Bf4 Bd6 7. Qe2+ Be6 8. Be3 0-0 9. a3 Qb6 10. c3 Qb3 11. Qd2 Re8 12. Be2 Nd7 13. Nf3 Bc4 14. 0-0 Bxe2 15. Qxe2 Bf4 16. Qd2 Bxe3 17. fxe3 Re6 18. Rae1 Nb6 19. Qf2 Rae8 20. Ne5 Nc4 21. Nxc4 Qxc4 22. Re2 Re4 23. Rfe1 Qe6 24. Qg3 Qe7 25. Qf3 g6 26. Rf2 f5 1/2-1/2

[Event "COL-ch U16 Girls"]
[Site "Villavicencio"]
[Date "2022.05.13"]
[Round "5"]
[White "Largo Chaparro, Sofia Alejandra"]
[Black "Agudelo Zapata, Yarli Alejandra"]
[Result "0-1"]
[WhiteElo "1388"]
[BlackElo "1327"]
[PlyCount "69"]
[EventDate "2022.05.11"]
[EventType "swiss"]
[EventRounds "9"]
[EventCountry "COL"]
[SourceTitle "CBM 208 Extra"]
[Source "ChessBase"]
[SourceDate "2022.07.31"]
[SourceVersion "1"]
[SourceVersionDate "2022.07.31"]
[SourceQuality "1"]

1. d4 Nf6 2. g3 g6 3. Bg2 Bg7 4. e4 d6 5. Nc3 Nbd7 6. Nge2 0-0 7. 0-0 e5 8. h3 Re8 9. Be3 b6 10. f4 Bb7 11. fxe5 dxe5 12. d5 Bf8 13. a4 c6 14. Qd2 cxd5 15. exd5 Nc5 16. Bg5 Be7 17. d6 Nfe4 18. dxe7 Qxd2 19. Bxd2 Nxd2 20. Rfd1 Nde4 21. Nxe4 Bxe4 22. Bxe4 Nxe4 23. Rd7 Nf6 24. Rd6 Kg7 25. Rf1 Ng8 26. Nc3 Rxe7 27. Nd5 Rb7 28. Kf2 Ne7 29. Nxe7 Rxe7 30. Ke3 Rc8 31. Kd2 Rc4 32. b3 Rcc7 33. Kc1 e4 34. g4 Rc3 35. Rh1 0-1

[Event "COL-ch U16 Girls"]
[Site "Villavicencio"]
[Date "2022.05.12"]
[Round "2"]
[White "Agudelo Zapata, Yarli Alejandra"]
[Black "Susunaga Duran, Madelen Fernanda"]
[Result "1-0"]
[WhiteElo "1327"]
[BlackElo "1043"]
[PlyCount "58"]
[EventDate "2022.05.11"]
[EventType "swiss"]
[EventRounds "9"]
[EventCountry "COL"]
[SourceTitle "CBM 208 Extra"]
[Source "ChessBase"]
[SourceDate "2022.07.31"]
[SourceVersion "1"]
[SourceVersionDate "2022.07.31"]
[SourceQuality "1"]

1. d4 Nf6 2. Nf3 e6 3. g3 d5 4. Bg2 b6 5. 0-0 Nbd7 6. b3 Be7 7. c4 Bb7 8. Ne5 Bd6 9. Bb2 c5 10. Nxd7 Qxd7 11. dxc5 Bxc5 12. Bxf6 gxf6 13. cxd5 Bxd5 14. Nc3 Rd8 15. Nxd5 exd5 16. Qd2 Rg8 17. Qh6 Qf5 18. Qh4 Rg4 19. Bh3 Rxh4 20. Bxf5 Rh5 21. Bd3 h6 22. Kg2 Re5 23. Rab1 a5 24. e3 Rc8 25. Rbc1 Rc7 26. Rc2 Ree7 27. Rd1 Kd8 28. Bb5 Re5 29. Rcd2 d4 1-0

[Event "COL-ch U16 Girls"]
[Site "Villavicencio"]
[Date "2022.05.12"]
[Round "3"]
[White "Melgarejo Suarez, Aritna Valentina"]
[Black "Agudelo Zapata, Yarli Alejandra"]
[Result "1/2-1/2"]
[WhiteElo "1428"]
[BlackElo "1327"]
[PlyCount "55"]
[EventDate "2022.05.11"]
[EventType "swiss"]
[EventRounds "9"]
[EventCountry "COL"]
[SourceTitle "CBM 208 Extra"]
[Source "ChessBase"]
[SourceDate "2022.07.31"]
[SourceVersion "1"]
[SourceVersionDate "2022.07.31"]
[SourceQuality "1"]

1. e4 c5 2. Ne2 d6 3. g3 Nf6 4. Bg2 Nc6 5. 0-0 e5 6. c3 Qb6 7. b3 Be7 8. Bb2 c4 9. d4 cxd3 10. Qxd3 Be6 11. Nd2 0-0 12. Nc4 Bxc4 13. Qxc4 Nd7 14. b4 Rac8 15. Qd3 Rfd8 16. a3 Nf6 17. c4 a5 18. b5 Nb8 19. Nc3 Nbd7 20. Na4 Qc7 21. Rac1 Nc5 22. Nxc5 Qxc5 23. Rc3 Nd7 24. Bh3 Qb6 25. Bxd7 Rxd7 26. Bc1 Qd8 27. Be3 b6 28. Rfc1 1/2-1/2

[Event "COL Subzt 2.3.4 (Women)"]
[Site "Risarald"]
[Date "2021.11.28"]
[Round "9"]
[White "Agudelo Zapata, Yarli Alejandra"]
[Black "Suaza Sanabria, Laura Sofia"]
[Result "1/2-1/2"]
[WhiteElo "1197"]
[BlackElo "1535"]
[PlyCount "47"]
[EventDate "2021.11.23"]
[EventType "swiss"]
[EventRounds "9"]
[EventCountry "COL"]
[SourceTitle "CBM 205 Extra"]
[Source "ChessBase"]
[SourceDate "2022.01.31"]
[SourceVersion "1"]
[SourceVersionDate "2022.01.31"]
[SourceQuality "1"]

1. d4 Nf6 2. Nf3 d6 3. Nc3 Nbd7 4. e4 e5 5. g3 Be7 6. Bg2 c6 7. 0-0 b5 8. a3 a5 9. Re1 0-0 10. Bg5 Ba6 11. Na2 Rc8 12. c3 Bb7 13. Bxf6 Bxf6 14. Nc1 Re8 15. dxe5 dxe5 16. b4 a4 17. Qc2 c5 18. Qb2 c4 19. Nd2 Qc7 20. Ne2 Rcd8 21. Rf1 Nf8 22. Qc2 Rd7 23. Rad1 Red8 24. Nb1 1/2-1/2

[Event "Antioquia op"]
[Site "Antioquia"]
[Date "2020.03.04"]
[Round "3"]
[White "Agudelo Zapata, Yarli Alejandra"]
[Black "Valencia Alzate, Janna"]
[Result "1-0"]
[WhiteElo "1193"]
[BlackElo "1346"]
[PlyCount "69"]
[EventDate "2020.03.03"]
[EventType "swiss"]
[EventRounds "9"]
[EventCountry "COL"]
[SourceTitle "CBM 195 Extra"]
[Source "ChessBase"]
[SourceDate "2020.05.31"]
[SourceVersion "1"]
[SourceVersionDate "2020.05.31"]
[SourceQuality "1"]

1. c4 e6 2. Nf3 d5 3. cxd5 exd5 4. d4 Nf6 5. Nc3 Bd6 6. g3 0-0 7. Bg2 c5 8. 0-0 Nc6 9. Bg5 cxd4 10. Nxd4 Bc5 11. Nb3 Be7 12. Bxf6 Bxf6 13. Qxd5 Qxd5 14. Bxd5 Rd8 15. Bg2 Bf5 16. Rad1 Rxd1 17. Rxd1 Nb4 18. Rd2 Rb8 19. a3 Be6 20. Nc5 Nc6 21. Nxe6 fxe6 22. Ne4 Kf7 23. Nxf6 Kxf6 24. f4 h6 25. b4 Ne7 26. e4 e5 27. Rd6+ Kf7 28. fxe5 Nc8 29. Rd5 Nb6 30. Rc5 Na4 31. Rc7+ Kg6 32. Bh3 Nb6 33. Bf5+ Kh5 34. Rxg7 Nc4 35. Bg4# 1-0

[Event "COL Intercollegiate-ch U14 Girls"]
[Site "Paipa"]
[Date "2019.12.12"]
[Round "3"]
[White "Agudelo Zapata, Yarli Alejandra"]
[Black "Melgarejo Suarez, Aritna Valentina"]
[Result "1/2-1/2"]
[WhiteElo "1192"]
[BlackElo "1353"]
[PlyCount "118"]
[EventDate "2019.12.11"]
[EventType "swiss"]
[EventRounds "7"]
[EventCountry "COL"]
[SourceTitle "CBM 193 Extra"]
[Source "ChessBase"]
[SourceDate "2020.01.31"]
[SourceVersion "1"]
[SourceVersionDate "2020.01.31"]
[SourceQuality "1"]

1. c4 e5 2. Nc3 Nf6 3. d3 Nc6 4. Nf3 Bc5 5. Bg5 Be7 6. g3 h6 7. Be3 0-0 8. Bg2 Ng4 9. Nd5 Nxe3 10. Nxe3 d6 11. 0-0 Be6 12. h4 Qd7 13. Kh2 Bf6 14. Rb1 g5 15. h5 g4 16. Nd2 Bg5 17. Ne4 Bd8 18. Nd5 f5 19. Nec3 Qf7 20. Rh1 Qxh5+ 21. Kg1 Qg5 22. Qc1 Qg6 23. Qxh6 Qxh6 24. Rxh6 Bd7 25. f3 gxf3 26. exf3 Kg7 27. Rh2 Rg8 28. Kf2 Kf7 29. Rbh1 Bf6 30. Nxf6 Kxf6 31. Rh6+ Rg6 32. Nd5+ Kf7 33. Rh7+ Rg7 34. R1h6 Rc8 35. Rh8 Rxh8 36. Rxh8 Nd4 37. Nxc7 Bc6 38. Nd5 Bxd5 39. cxd5 Nc2 40. Rh5 Kg6 41. g4 fxg4 42. fxg4 Kf6 43. Rf5+ Ke7 44. a3 Rxg4 45. Be4 Nd4 46. Rh5 Rf4+ 47. Ke3 Rf7 48. Rh6 Nf5+ 49. Bxf5 Rxf5 50. Rh7+ Rf7 51. Rxf7+ Kxf7 52. Ke4 Ke7 53. d4 exd4 54. Kxd4 Kd7 55. Kc4 Kc7 56. a4 Kb6 57. b4 a5 58. b5 Kc7 59. Kd4 Kb6 1/2-1/2

[Event "COL Intercollegiate-ch U14 Girls"]
[Site "Paipa"]
[Date "2019.12.11"]
[Round "2"]
[White "Mogollon Tobar, Nicolle Juliet"]
[Black "Agudelo Zapata, Yarli Alejandra"]
[Result "1-0"]
[WhiteElo "1636"]
[BlackElo "1192"]
[PlyCount "73"]
[EventDate "2019.12.11"]
[EventType "swiss"]
[EventRounds "7"]
[EventCountry "COL"]
[SourceTitle "CBM 193 Extra"]
[Source "ChessBase"]
[SourceDate "2020.01.31"]
[SourceVersion "1"]
[SourceVersionDate "2020.01.31"]
[SourceQuality "1"]

1. e4 c5 2. Nf3 d6 3. Bb5+ Bd7 4. Bxd7+ Qxd7 5. 0-0 Nc6 6. Qe2 g6 7. Rd1 Bg7 8. c3 e5 9. Na3 Nge7 10. Nc2 0-0 11. d4 cxd4 12. cxd4 exd4 13. Ncxd4 Nxd4 14. Nxd4 Rfe8 15. Nb5 d5 16. Bf4 Nc6 17. Nc7 Rxe4 18. Qxe4 Qxc7 19. Rxd5 Qb6 20. Rb1 Bd4 21. Bg3 Bc5 22. Qc4 Bd4 23. Rd7 Rf8 24. b4 Be5 25. Qd5 Bxg3 26. hxg3 a5 27. b5 Kg7 28. Rd1 Nb4 29. Qxb7 Qf6 30. Qf3 Nxa2 31. Qxf6+ Kxf6 32. Rd8 Rxd8 33. Rxd8 Nc3 34. b6 a4 35. b7 a3 36. b8Q a2 37. Qb2 1-0